Vývoj koncentrácie bežných výdavkov na výskum a vývoj v krajoch SR

Základný strategický dokument pre oblasť výskumu a vývoja na Slovensku schválený vládou SR dňa 12. septembra 2007. Hlavné ciele a dlhodobý zámer štátnej vednej a technickej politiky do roku 2015. Analýza vývoja bežných výdavkov na výskum a vedu podľa jednotlivých krajov.

Guardado en:
Detalles Bibliográficos
Autor principal: Arbe, Tatiana
Formato: Capítulo de libro
Lenguaje:eslovaco
Materias:
Etiquetas: Agregar Etiqueta
Sin Etiquetas, Sea el primero en etiquetar este registro!

MARC

LEADER 00000naa a2200000 4500
001 0123551
005 20240326124753.4
041 0 |a slo 
044 |a SK 
245 1 0 |a Vývoj koncentrácie bežných výdavkov na výskum a vývoj v krajoch SR  |c Tatiana Arbe 
520 |a Základný strategický dokument pre oblasť výskumu a vývoja na Slovensku schválený vládou SR dňa 12. septembra 2007. Hlavné ciele a dlhodobý zámer štátnej vednej a technickej politiky do roku 2015. Analýza vývoja bežných výdavkov na výskum a vedu podľa jednotlivých krajov. 
610 2 0 |a Slovensko 
610 2 0 |a kraje 
610 2 0 |a politika technická 
610 2 0 |a veda 
610 2 0 |a výskum 
610 2 0 |a vývoj 
610 2 0 |a financovanie vedy 
610 2 0 |a spolupráca vedecká 
610 2 0 |a inovácia 
610 2 0 |a transfer inovácií 
610 2 0 |a efektívnosť vedy 
610 2 0 |a analýzy 
610 2 0 |a výdavky 
100 1 |a Arbe, Tatiana